Các giải pháp lập trình C#

Nội dung sách giới thiệu các giải pháp lập trình C# như: phát triển ứng dụng, thao tác dữ liệu, miền ứng dụng, cơ chế phản chiều, và siêu dữ liệu. Tiểu trình, tiến trình và sự đồng bộ, XML, Windows form. ASP .NET và Web form, đồ học, đa phư...

Ful tanımlama

Kaydedildi:
Detaylı Bibliyografya
Materyal Türü: Kitap
Dil:Undetermined
Baskı/Yayın Bilgisi: Hà Nội Giao thông Vận tải 2007
Konular:
Etiketler: Etiketle
Etiket eklenmemiş, İlk siz ekleyin!
Thư viện lưu trữ: Trung tâm Học liệu Trường Đại học Cần Thơ
LEADER 00988nam a2200181Ia 4500
001 CTU_150936
008 210402s9999 xx 000 0 und d
020 |c 136000 
082 |a 005.133 
082 |b Ph561 
245 0 |a Các giải pháp lập trình C# 
245 0 |c Nguyễn Ngọc Bình Phương, Thái Thanh Phong 
260 |a Hà Nội 
260 |b Giao thông Vận tải 
260 |c 2007 
520 |a Nội dung sách giới thiệu các giải pháp lập trình C# như: phát triển ứng dụng, thao tác dữ liệu, miền ứng dụng, cơ chế phản chiều, và siêu dữ liệu. Tiểu trình, tiến trình và sự đồng bộ, XML, Windows form. ASP .NET và Web form, đồ học, đa phương tiện và in ấn... 
650 |a C ++ (Ngôn ngữ chương trình máy tính),C++ (Computer program language) 
980 |a Trung tâm Học liệu Trường Đại học Cần Thơ